تحميل...

Panchayati Raj Institutions in India -- A Scoping Study for the World Bank

التفاصيل البيبلوغرافية
التنسيق: Printed Book
الموضوعات:
الوصول للمادة أونلاين:http://10.26.1.76/ks/00524.pdf
LEADER 003540000a22000970004500
245 |a Panchayati Raj Institutions in India -- A Scoping Study for the World Bank 
650 |a KERALA ORGANISATION MATRIX INVENTORY 
856 |u http://10.26.1.76/ks/00524.pdf 
942 |c KS 
999 |c 69913  |d 69913 
952 |0 0  |1 0  |4 0  |7 0  |9 61877  |a MGUL  |b MGUL  |d 2015-08-01  |l 0  |r 2015-08-01  |w 2015-08-01  |y KS